000 01396cam a22002174a 4500
005 20250605164203.0
008 250528s ||||||||||||||||||||||||d
035 _a19801
020 _a3540504427
040 _aGR-AtMCL
_bgre
_dGR-AtMCL
_eAACR2
245 1 _aEngineering Design / A Systematic Approach
250 _a1st
260 _bSpringler Verlag,
_c1988
300 _a402
520 _aThis book lays down a strategy for this process and brings together the extensive body of knowledge about modern approaches to systematic design. Introduction, The Scope of Design, The Development of Systematic Design, Modern Design Methods, Fundamentals, Fundamentals of Engineering Systems, Fundamental of the Systematic Approach, The Design Process, General Problem Solving, Flow of Work During the Design Process, Product Planning and Clarification of the Task, Conceptual Design, Steps of Conceptual Design, Establishing Function Structures, Searching for Solution Principles to Fulfil the Sub-Functions, Methods with an Intuitive Bias, Methods with a Discursive Bias, Examples of Conceptual Design, Embodiment Design, Coping with Design Faults and Disturbing Factors and Risks, Developing Size Ranges and Modular Products, Summary, References, English Bibliography, Index.
700 1 _aBeitz W.
_95985
700 1 _aPahl G
_95986
942 _cBK
999 _c5050
_d5050